000 01488nam a2200229 a 4500
008 080129s1993 ||||||||||||||||| || u
020 _a0582087031
050 _aTH 2170.5 Wil
100 _aWilby, C. B
245 1 0 _aConcrete dome roofs.
_cC. B. Wilby
260 _aEssex
_bLongman Scientific & Technical
_c1993
300 _axiii, 313p.: ill.
350 _a0.00
650 _aCONCRETE DOMES--DESIGN AND CONSTRUCTION
650 _aCONSTRUCTION
995 _aTEXTBOOKS (SBE)
_D0.00
_e2184
_FCBU-SCHOOL TEXTBOOK COLLECTIONS
_H1
_I0.00
_jSCHOOL TEXTBOOK
_M6
_UAVAILABLE
_WNov 20, 2008
_y2184
_ZSchool Collections
995 _aMAIN LIBRARY OPEN ACCESS
_D0.00
_e738507
_FCBU-MAIN LIBRARY (Kitwe)
_H1
_I0.00
_jTH 2170.5 Wil
_M5
_UAVAILABLE
_WFeb 11, 2008
_y738507
_ZMain Library Open Access Collection
995 _aANNEX COLLECTION (Main Library)
_D0.00
_e738342
_FCBU-MAIN LIBRARY (Kitwe)
_H1
_I0.00
_jTH 2170.5 Wil
_M1
_UAVAILABLE
_WJan 29, 2008
_y738342
_ZAnnex Low-Usage Collection
995 _aANNEX COLLECTION (Main Library)
_D0.00
_e738344
_FCBU-MAIN LIBRARY (Kitwe)
_H1
_I0.00
_jTH 2170.5 Wil
_M3
_UAVAILABLE
_WJan 29, 2008
_y738344
_ZAnnex Low-Usage Collection
995 _aMAIN LIBRARY OPEN ACCESS
_D0.00
_e738343
_FCBU-MAIN LIBRARY (Kitwe)
_H1
_I0.00
_jTH 2170.5 Wil
_M2
_UAVAILABLE
_WJan 29, 2008
_y738343
_ZMain Library Open Access Collection
995 _aANNEX COLLECTION (Main Library)
_D0.00
_e738345
_FCBU-MAIN LIBRARY (Kitwe)
_H1
_I0.00
_jTH 2170.5 Wil
_M4
_UAVAILABLE
_WJan 29, 2008
_y738345
_ZAnnex Low-Usage Collection
999 _c79723
_d79723